|
|
|
|
| LEADER |
00000nab a2200000 a 4500 |
| 001 |
vtls000584562 |
| 003 |
SK-MaSNL |
| 005 |
20260303205944.0 |
| 008 |
160202c1996 xo 0 slo |
| 015 |
|
|
|a SNBRB19rr/mm-uuuuu
|
| 035 |
|
|
|a CL0584701
|
| 040 |
|
|
|a SNKBUCL
|b slo
|c SNKBUCL
|e AACR2
|
| 041 |
0 |
|
|a slo
|
| 044 |
|
|
|a xo
|c SK
|
| 080 |
|
|
|a 654.179(437.6):7.097(437.6)
|2 1981
|
| 080 |
|
|
|a 7.097(437.6)
|2 1981
|
| 100 |
1 |
|
|a Kriško, Michal
|4 aut
|9 266327
|
| 245 |
1 |
0 |
|a Dobrý program potrebuje financie
|b Hovoríme s riaditeľom televízneho štúdia Bratislava Michalom Kriškom
|c Michal Kriško, Marcela Košťálová
|
| 300 |
|
|
|b Fotogr. 1
|
| 610 |
2 |
7 |
|a Slovenská televízia
|2 snkbucl
|9 115516
|
| 651 |
|
7 |
|a 5100
|2 snkbucl
|9 166206
|
| 655 |
|
7 |
|a články z novín a časopisov
|2 snkbucl
|9 267496
|
| 700 |
1 |
|
|a Košťálová, Marcela,
|d 1950-
|4 aut
|9 209538
|
| 773 |
0 |
|
|t Pravda
|g Roč. 6, č. 118 (22. 5. 1996), s. 7
|
| 850 |
|
|
|a Slovenská národná knižnica v Martine
|a MTA001
|
| 852 |
|
|
|a SNK
|b KIS3GCP
|
| 958 |
|
|
|a RK
|
| 958 |
|
|
|a SK
|
| 992 |
|
|
|a RBX
|
| 999 |
|
|
|c 2198006
|d 2199936
|